| 000 | 00738nam a22002295i 4500 | ||
|---|---|---|---|
| 001 | 161987 | ||
| 003 | ES-MaACL | ||
| 005 | 20250721062640.0 | ||
| 008 | 990125s1854 fr |||| | fre d | ||
| 040 |
_aCCPB | B _bspa _cCCPB | B |
||
| 100 | 1 |
_aPeshine Smith, E. _9131062 |
|
| 245 | 1 | 0 |
_aManuel d´économie politique / _cpar E. Peshine Smith ; traduit de l´anglais Camille Baquet. |
| 260 |
_aParis : _bGuillaumin et C\pie\s, éditeurs, _c1854. |
||
| 300 |
_aVII, III, 348 p. ; _c17 cm. |
||
| 597 | 1 | _aAntep. | |
| 650 | 0 | 7 |
_aEconomía _2embne _912006 |
| 700 | 1 | 1 |
_aBaquet, Camille, _etrad. _9125796 |
| 752 |
_aFrancia - _dParís |
||
| 852 |
_aES-MaACL _jG-9906 _z-- Enc. hol. |
||
| 999 |
_c161987 _d161987 |
||